000 00787nam a2200205 i 4500
001 138077
003 ES-MaACL
005 20250717081031.0
007 t|
008 070214s1913 sp r ||||1| spa d
100 1 _aSánchez Moya, José María.
_9102804
245 1 0 _aContribución al estudio del tiroides
_b: (con observaciones clínicas) /
_cde José Mª Sánchez Moya.
260 _aFuente de Cantos :
_b[s. n.],
_c1913 (
_fEstablecimiento tipográfico de Manuel Fernández García)
300 _a40 p. ;
_c20 cm.
500 _aTesis doctoral de la Universidad Central (Madrid), Facultad de Medicina, 1912.
650 4 _aTiroides.
_9136932
710 2 _aUniversidad Central (Madrid).
_bFacultad de Medicina
_97093
852 _aES-MaACL
_jT-1367-F-3
999 _c138077
_d138077